000 00630nam a2200241Ia 4500
003 OSt
005 20220918195650.0
006 a|||||r|||| 00| 0
007 ta
008 220917b |||||||| |||| 00| 0 eng d
024 _a85,736
037 _cTextual
040 _aARTS
_cARTS
_beng
041 _2eng
_aeng
082 _aZQ5z7, K5
100 _aDaube David
_991004
245 0 _aColaboration with tyranny in rabbinic law
260 _aNA
_c1965
490 _aRiddelk memorial lectures,thirty-seven series
650 _aLAW
_97240
942 _hZQ5z7, K5
_cTEXL
_2CC
999 _c209438
_d209438